000 00222nam a2200097Ia 4500
001 989409
005 20250826221156.0
008 250824s9999 xx 000 0 und d
245 0 _aBEYİN
_cDAVID EAGLEMAN
260 _bDOMİNGO
999 _c989409
_d989409